Statistics for Fifa 20 Top 25 England Players

Click here to take the quiz!

General Stats

  • This quiz has been taken 48 times
  • The average score is 18 of 25

Answer Stats

RatingTeamPlayer% Correct
89Tottenham HotspurHarry Kane
100%
85Leicester CityJamie Vardy
100%
88Manchester CityRaheem Sterling
100%
83LiverpoolJordan Henderson
97%
84Borussia DortmundJadon Sancho
95%
83Manchester UnitedMarcus Rashford
95%
83LiverpoolTrent Alexander-Arnold
95%
84Tottenham HotspurDele Alli
92%
84Manchester CityKyle Walker
90%
83Manchester CityJohn Stones
87%
80Atletico MadridKieran Trippier
87%
82Manchester UnitedHarry Maguire
85%
81Manchester UnitedLuke Shaw
72%
81LiverpoolJames Milner
69%
80AS RomaChris Smalling
67%
83EvertonJordan Pickford
67%
80Derby CountyWayne Rooney
67%
80LiverpoolAlex Oxlade-Chamberlain
59%
82Leicester CityJames Maddison
51%
82Manchester UnitedJesse Lingard
51%
80BournemouthCallum Wilson
49%
80Tottenham HotspurHarry Winks
46%
80Newcastle UnitedDanny Rose
41%
80WatfordBen Foster
23%
80Aston VillaTom Heaton
15%

Score Distribution

Percentile by Number Answered

Percent of People with Each Score

Your Score History

You have not taken this quiz